Normal view
MARC view
Entry Nome pessoal
001 - NÚMERO DE CONTROLE
- campo de controle: 936
003 - IDENTIFICADOR DO NÚMERO DE CONTROLE
- campo de controle: DLC
005 - DATA E HORÁRIO DA ÚLTIMA TRANSAÇÃO
- campo de controle: 20250624134606.0
008 - CAMPO DE DADOS FIXOS
- campo de controle de tamanho fixo: 160409n| azannaabn |n aaa c
010 ## - NÚMERO DE CONTROLE DA LIBRARY OF CONGRESS
- Número de controle da LC: no2016048443
035 ## - NÚMERO DE CONTROLE DO SISTEMA
- Número de Controle do Sistema: (OCoLC)oca10442784
040 ## - FONTE DA CATALOGAÇÃO
- Instituição da catalogação original: ICrlF
- Idioma da catalogação: eng
- Fontes convencionais de descrições de dados: rda
- Instituição que transcreveu o registro: ICrlF
100 1# - CABEÇALHO--NOME PESSOAL
- Nome pessoal: Keating, Lucy
370 ## - LUGAR ASSOCIADO
- Outro local associado: Venice (Calif.)
- Outro local associado: Los Angeles (Calif.)
- Outro local associado: Boston (Mass.)
372 ## - CAMPO DE ATIVIDADE
- Campo de atividade: Young adult literature
374 ## - OCUPAÇÃO
- Ocupação: Author
375 ## - GÊNERO
- Gênero: female
377 ## - IDIOMA ASSOCIADO
- Código do idioma: eng
670 ## - FONTE POSITIVA DOS DADOS
- Citação da fonte positiva dos dados: Her Dreamology, 2016:
- Dados encontrados na fonte localizada no subcampo: title page (Lucy Keating) jacket flap (Lucy Keating, writer, lives in Venice, California, grew up in Boston, Massachusetts, attended Williams College in the Berkshires)
670 ## - FONTE POSITIVA DOS DADOS
- Citação da fonte positiva dos dados: Her website, Apr. 5, 2016
- Dados encontrados na fonte localizada no subcampo: (Lucy Keating, writer, lives in Los Angeles, California, grew up in Boston, her first YA novel is Dreamology)